| 000 | 01127nam a2200325 a 4500 | ||
|---|---|---|---|
| 999 |
_c7539 _d7539 |
||
| 001 | 991040876939706706 | ||
| 003 | OSt | ||
| 005 | 20211215142627.0 | ||
| 008 | 090701c2009 spc|||||| 000 ||spa | ||
| 015 |
_aLL2009 _2bnc |
||
| 017 |
_aDL B. 25971-2009 _bBiblioteca de Catalunya |
||
| 020 | _a9788497888158 | ||
| 035 | _a(ES-BaCBU)b20744936-34csuc_network | ||
| 035 | _a(ES-BaCBU).b20744936 | ||
| 035 | _a(ccuc001)b20744936 | ||
| 035 | _a(OCoLC)807278205 | ||
| 040 |
_aES-BaBC _bcat _cCDMR |
||
| 080 | _a070.4(075.8) | ||
| 090 |
_aPN4775 _b.F47 2009 |
||
| 100 | 1 |
_aFerré Pavia, Carme _91263 |
|
| 245 | 1 | 0 |
_aCon faltas y a lo loco : _b¿qué es la edición periodística? / _cCarme Ferré Pavia |
| 260 |
_aBarcelona : _bUOC, _c2009 |
||
| 300 |
_a190 p. ; _c21 cm |
||
| 490 |
_a[Manuales] ; _v134. _aComunicación |
||
| 650 | 7 |
_aPeriodisme _xManuals d'estil _xLlibres de text _xEnsenyament universitari. _2lemac |
|
| 907 |
_a.b20744936 _b26-02-21 _c07-05-08 _d22-07-09 _em _fa _g- _hspa _ispc _j0 _k2 |
||
| 908 |
_aURV _aUPF _aUVic-UCC _aUdL _aUdG _aURL _aUDA _aTCM _aUOC _aUIC _aUAB _aBC _aUAO _aUJI |
||
| 940 | _aBC | ||
| 942 |
_2udc _cMON |
||